000 02109nam2a22003371 4500
001 v19\rc\1995393
005 20260205133019.0
035 _a(NLR Aleph) 005071651
090 _a7102003
_c7102003
100 _a20080811d1914 u y0rusy50 ca
101 1 _arus
_cger
102 _aRU
105 _ay z |||||
200 0 _aВып. 1
_f[Предисл.: Иоганн Трюпер]
215 _a96 с.
311 _aБеспл. прил. к № 20 газ. "Шк. и жизнь" за 1914 г.
422 0 _12001#$aШкола и жизнь$v1914, № 20
_tШкола и жизнь
461 0 _1001v19\rc\1995392
_12001#$aНедостатки характера в детском возрасте$eРуководство для воспитания в семье и в шк.$eАвториз. пер. с 3 нем. изд., перераб. и доп. Иоганном Трюпером, (дир. воспит. заведения в Софиенхэе близ Иены)$fФридрих Шольц, дир. Бремен. больницы$gПер. под ред. Л.Г. Оршанского. Вып. [1]-2$vВып. 1
_1700#1$aШольц$bФ.$cврач$f1831-1907$gФридрих$3RU\NLR\AUTH\770289608
_97101999
_aШольц, Ф. (врач ; 1831-1907)
_cСанкт-Петербург
_d1914
_fФридрих Шольц, дир. Бремен. больницы
_nгаз. "Шк. и жизнь"
_oРуководство для воспитания в семье и в шк. : Авториз. пер. с 3 нем. изд., перераб. и доп. Иоганном Трюпером, (дир. воспит. заведения в Софиенхэе близ Иены)
_p2 т.
_tНедостатки характера в детском возрасте
_vВып. 1
801 0 _aRU
_bNLR
_gpsbo
801 0 _aRU
_bRuMoRGB
_2psbo
801 1 _aRU
_bProSoft-M
_2rusmarc
852 _aNLR
_j37.48.4.11
899 _aRuMoRGB
_jV 33/63
899 _aRuMoRGB
_jРб 33/1875
899 _aRuMoRGB
_jКл 67/268
899 _aБАН
899 _aНБ СПбГУ
899 _aГПИБ
942 _cBOOK
980 _aNB